01139pab a2200145 454500008003600000100002200036245007900058520072000137650001600857650001200873650001600885700002100901700002200922773004900944180718b xxu||||| |||| 00| 0 eng d aAberbach, Joel D. aBureaucrats and politicians: a report on the administrative elites project aThis article is a review of research conducted by Joel D. Aberbach, Bert A. Rockman and their colleagues on the backgrounds, roles, responsibilities and relationships between high-level bureaucrats and politicians in several Western democracies. Bureaucrats and politicians each consider themselves policy-makers but tend to approach policy-making in characteristically different ways. Bureaucrats are the more stable and conserving elite, they tent to maintain equilibrium in the policy environment. Politicians are more risk-taking, they tend to inject energy and initiative into the policy process. Distinctions between bureaucrats and politicians are less clear in the United States, where data collected in the a Leadership a Elites aBureaucracy aBert A., Rockman aDaniel B., Mezger aAustralian Journal of Public Administrataion